000 006340000a22001930004500
001 27810
010 _a989-551-017-1
090 _a27810
100 _a20080911d2003 m y0pory5003 ba
101 0 _apor
102 _aPT
200 1 _aO projecto de Deus
_equal o significado da vida? o que é a morte?
_equal o papel do homem no destino do mundo?
_fMaria Antónia Mayo
210 _aLisboa
_cMultinova
_d2003
215 _a504 p
225 2 _aPalavras de honra
675 _a821.134.3-3"20"
_vBN
_zpor
700 1 _aMayo
_bMaria Antónia
942 _cMON
_n0
999 _a27810
_bBibliobase - BMTAV
_c2019-01-21